000 00728cas a2200277 a 4500
001 7659
003 BD-RjUL
005 20211208234443.0
008 140115d19601962nyuar 0 1 0eng c
035 _a(BD-RjUL)7703
040 _aMnMULS
_beng
_cMnMULS
_dMH
_dN
_dDLC
_dOCoLC
_dUKMGB
_dBD-RjUL
041 _aeng
082 0 0 _a508.2
_bSCI 1960
245 1 0 _aScience survey /
260 _aNew York :
_bMacmillan,
_cc1960
300 _a360 p. :
_bill. ;
_c22 cm.
504 _aIncludes index.
650 0 _aScience
_vPeriodicals.
_923886
700 1 _aHaslett, A. W.
_923888
700 1 _aJohn, St John
_923889
942 _2ddc
_cBK
999 _c7659
_d7659